000 01730nam a22004217a 4500
003 CHAP
005 20220329143245.0
008 071019s2007 mx r 00010 spa d
010 _a94067
011 _a95039
035 _a105642
040 _cCHAP
090 _aTesis
100 0 0 _aCruz López, Mariano.
_929481
245 1 0 _aPlaneación parcipativa en la gestión integral de los recursos hídricos de la cuenca de Tecocomulco, Estado de Hidalgo
_c/por Mariano Cruz López
260 _aChapingo, Méx. :
_bEl autor,
_c2007
300 _a140 h. :
_bilus. ; gráfs. ; cuadros ; mapas ; anexos
502 _aTesis (M. C. en Ingeniería Agrícola y Uso Integral del Agua) -- UACH. Departamento de Irrigación ; UACH. Departamento de Ingenieria Mecánica Agrícola
530 _aTambién disponible en línea
590 _aALEPH
_b10
_c20130110
_lUCH01
_h1519
590 _aBATCH-UPD
_b10
_c20130110
_lUCH01
_h0501
590 _aBATCH-UPD
_b10
_c20130410
_lUCH01
_h0138
590 _aBATCH-UPD
_b10
_c20130914
_lUCH01
_h1106
590 _aBATCH-UPD
_b10
_c20140324
_lUCH01
_h1504
590 _aBATCH-UPD
_b10
_c20141002
_lUCH01
_h0834
590 _aCONVERSION
_b10
_c20130109
_lUCH01
_h1352
650 1 4 _aAgua
_xConservacion
_xHidalgo.
_92328
650 1 4 _aCuenca de Tecocomulco, Hgo.
_930028
650 1 4 _aRecursos naturales.
_995172
650 1 4 _aSuelos
_xConservación
_xHidalgo.
_9110300
650 1 4 _aSuelos
_xDegradación.
_9110336
856 _3Finding aid
_uhttp://10.13.5.2/tesis/105642.pdf
_zTeclea aqui
901 _aBK
905 _aLuisgm
942 _cFOLL
949 _aTesis
_bBC
_cTES
_d33724002039504
_eTS2
_fc.2
_gDonaciØn
_h47115
_i105642
_si
949 _aTesis
_bBC
_cTES
_d33724002039512
_eTS1
_gDonaciØn
_h47114
_i105642
_sb
999 _c94067
_d94067